Развитие современного образования: от теории к практике (Запись № 11658169)

Подробности
000 -МАРКЕР
контрольное поле 03166nam0a2200397 4500
001 - ИДЕНТИФИКАТОР ЗАПИСИ
контрольное поле RU\NLR\BIBL_A\011757194
005 - ИДЕНТИФИКАТОР ВЕРСИИ
контрольное поле 20181108113416.0
010 ## - МЕЖДУНАРОДНЫЙ СТАНДАРТНЫЙ НОМЕР КНИГИ (ISBN)
Номер (ISBN) 978-5-6040859-3-6
Тираж 500
021 ## - НОМЕР ГОСУДАРСТВЕННОЙ РЕГИСТРАЦИИ
Код страны Российская Федерация
Номер КН-П-18-044549
Номер Листа государственной регистраци КН-П-18-3216
035 ## - ДРУГИЕ СИСТЕМНЫЕ НОМЕРА
Идентификатор записи (NLR Aleph) 011757194
035 ## - ДРУГИЕ СИСТЕМНЫЕ НОМЕРА
Идентификатор записи (RuMoRGB)009664568
100 ## - ДАННЫЕ ОБЩЕЙ ОБРАБОТКИ
Данные общей обработки 20180723d2018 k y0rusy50 ca
101 0# - ЯЗЫК РЕСУРСА
Язык текста, звукозаписи и т.д. русский
102 ## - СТРАНА ПУБЛИКАЦИИ ИЛИ ПРОИЗВОДСТВА
Страна публикации Российская Федерация
105 ## - ПОЛЕ КОДИРОВАННЫХ ДАННЫХ: ТЕКСТОВЫЕ МАТЕРИАЛЫ, МОНОГРАФИЧЕСКИЕ
Кодированные данные о монографическом текстовом документе a|||zzzz100zy
200 1# - ЗАГЛАВИЕ И СВЕДЕНИЯ ОБ ОТВЕТСТВЕННОСТИ
Основное заглавие Развитие современного образования: от теории к практике
Сведения, относящиеся к заглавию сборник материалов IV Международной научно-практической конференции, [Чебоксары, 19 марта 2018 г.]
Первые сведения об ответственности Федеральное государственное бюджетное образовательное учреждение высшего образования "Чувашский государственный университет имени И. Н. Ульянова", Харьковский национальный педагогический университет имени Г. С. Сковороды, Актюбинский региональный государственный университет имени К. Жубанова, Центр научного сотрудничества "Интерактив плюс"
Последующие сведения об ответственности [редакционная коллегия: Яковлева Татьяна Валериановна, ответственный редактор и др.]
210 ## - ПУБЛИКАЦИЯ, РАСПРОСТРАНЕНИЕ И ДР.
Место издания, распространения и т.д. Чебоксары
Имя издателя, распространителя и т. д. ЦНС "Интерактив плюс"
Дата издания, распространения и т.д. 2018
215 ## - ФИЗИЧЕСКАЯ ХАРАКТЕРИСТИКА
Специфическое обозначение материала и объем 279 с.
Другие сведения о физической характеристике ил., портр., табл.
Размеры 21
320 ## - ПРИМЕЧАНИЯ О НАЛИЧИИ В ДОКУМЕНТЕ БИБЛИОГРАФИИ / УКАЗАТЕЛЯ
Текст примечания Библиогр. в конце ст.
606 1# - НАИМЕНОВАНИЕ ТЕМЫ КАК ПРЕДМЕТ
Наименование темы Образование
Формальный подзаголовок Съезды, совещания и т.п
Системный номер авторитетной/нормативной записи 1614809
Идентификатор авторитетной/нормативной записи RU\NLR\AUTH\661010307
610 0# - НЕКОНТРОЛИРУЕМЫЕ ПРЕДМЕТНЫЕ ТЕРМИНЫ
Предметный термин образование
610 0# - НЕКОНТРОЛИРУЕМЫЕ ПРЕДМЕТНЫЕ ТЕРМИНЫ
Предметный термин обучение
610 0# - НЕКОНТРОЛИРУЕМЫЕ ПРЕДМЕТНЫЕ ТЕРМИНЫ
Предметный термин педагогика
686 1# - ИНДЕКСЫ ДРУГИХ КЛАССИФИКАЦИЙ
Индекс Ч34(0)я431
702 #1 - ИМЯ ЛИЦА - ВТОРИЧНАЯ ОТВЕТСТВЕННОСТЬ
Код отношения Редактор
Начальный элемент ввода Яковлева
Часть имени, кроме начального элемента ввода Т. В.
Дополнения к именам, кроме дат специалист в обл. образования
Расширение инициалов личного имени Татьяна Валериановна
Системный номер авторитетной/нормативной записи 132337
Идентификатор авторитетной/нормативной записи RU\NLR\AUTH\770132371
711 12 - НАИМЕНОВАНИЕ ОРГАНИЗАЦИИ - АЛЬТЕРНАТИВНАЯ ОТВЕТСТВЕННОСТЬ
Начальный элемент ввода "Развитие современного образования: от теории к практике", международная научно-практическая конференция
Порядковый номер временной организации и / или порядковый номер ее части 4
Место проведения временной организации Чебоксары
Дата проведения временной организации 2018
Системный номер авторитетной/нормативной записи 617851
Идентификатор авторитетной/нормативной записи RU\NLR\AUTH\880478475
712 02 - НАИМЕНОВАНИЕ ОРГАНИЗАЦИИ - ВТОРИЧНАЯ ОТВЕТСТВЕННОСТЬ
Код отношения Прочие
Начальный элемент ввода Чувашский государственный университет им. И. Н. Ульянова
Идентифицирующий признак Чебоксары
Системный номер авторитетной/нормативной записи 301657
Идентификатор авторитетной/нормативной записи RU\NLR\AUTH\8814249
712 02 - НАИМЕНОВАНИЕ ОРГАНИЗАЦИИ - ВТОРИЧНАЯ ОТВЕТСТВЕННОСТЬ
Код отношения Прочие
Начальный элемент ввода Харьковский национальный педагогический университет им. Г. С. Сковороды
Системный номер авторитетной/нормативной записи 336375
Идентификатор авторитетной/нормативной записи RU\NLR\AUTH\8810225912
712 02 - НАИМЕНОВАНИЕ ОРГАНИЗАЦИИ - ВТОРИЧНАЯ ОТВЕТСТВЕННОСТЬ
Код отношения Прочие
Начальный элемент ввода Актюбинский региональный государственный университет им. К. Жубанова
Системный номер авторитетной/нормативной записи 632502
Идентификатор авторитетной/нормативной записи RU\NLR\AUTH\880486045
942 ## - ДОПОЛНИТЕЛЬНЫЕ ЭЛЕМЕНТЫ ЗАПИСИ (АБИС)
Тип экземпляра АБИС Книга
980 ## - КОЛЛЕКЦИЯ
Название коллекции НБР
980 ## - КОЛЛЕКЦИЯ
Название коллекции Национальная библиография

Нет доступных экземпляров.